| 000 | 01433cam a22002775i 4500 | ||
|---|---|---|---|
| 020 | _a9783319114125 | ||
| 040 | _cDLC | ||
| 082 | 0 | 4 | _a658 FAO 2017 C106 Or. |
| 245 | 0 | 0 |
_aEntrepreneurship in BRICS : _bPolicy and Research to Support Entrepreneurs / |
| 250 | _a1st ed. 2015. | ||
| 300 | _a1 online resource (IX, 266 pages 50 illustrations) | ||
| 520 | _aThis book presents selected articles that discuss important issues related to entrepreneurship in Brazil, Russia, India and China as well as contributions from authors whose countries have a tradition on entrepreneurship support, such as Italy and the UK. The articles were presented and discussed in a conference on Entrepreneurship in Brazil in November 2013 organized by the Institute of Economics of the Federal University of Rio de Janeiro and IBMEC Business School. This book covers four essential themes: financing entrepreneurs, innovation environments, social entrepreneurship and e-entrepreneurship. | ||
| 650 | 0 | _aEconomic policy. | |
| 650 | 0 | _aEntrepreneurship. | |
| 650 | 0 | _aIndustrial management. | |
| 650 | 0 | _aLeadership. | |
| 650 | 0 | _aManagement. | |
| 650 | 1 | 4 | _aEntrepreneurship. |
| 650 | 2 | 4 | _aBusiness Strategy/Leadership. |
| 650 | 2 | 4 | _aEconomic Policy. |
| 650 | 2 | 4 | _aInnovation/Technology Management. |
| 700 | 1 | _ade Jesus Melo, Leonardo. | |
| 700 | 1 | _ade Magalhães Ozório, Luiz. | |
| 700 | 1 | _aLèbre La Rovere, Renata. | |
| 942 | _cAEDBB | ||
| 999 |
_c20853 _d20853 |
||